000
00311nam a22001337a 4500
008
170228b xxu||||| |||| 00| 0 eng d
020
_a
9780397512645
041
_a
eng
080
_2
4TH
_a
616.8-006
100
_a
6
101
_a
SHM
245
_a
MANUAL FOR STAGING OF CANCER
_c
ANDERSON, W.A.D
942
_2
udc
_c
BK
999
_c
6413
_d
6413